Normal view
MARC view
Entry Personal Name
001 - CONTROL NUMBER
- control field: 41595
003 - CONTROL NUMBER IDENTIFIER
- control field: ARRUPE
005 - DATE AND TIME OF LATEST TRANSACTION
- control field: 20180424143352.0
008 - FIXED-LENGTH DATA ELEMENTS
- fixed length control field: 180424|| aca||aabn | a|a d
040 ## - CATALOGING SOURCE
- Original cataloging agency: ARRUPE
- Transcribing agency: ARRUPE
100 ## - HEADING--PERSONAL NAME
- Personal name: Bickers, Robert A.
670 ## - SOURCE DATA FOUND
- Source citation: Work cat.: (ARRUPE)0: Bickers, Robert A., The scramble for China :, 2012.